[Event "Kaltern Trophy-B 2nd"]
[Site "Kaltern"]
[Date "2017.10.29"]
[Round "4"]
[White "Sparber, Werner"]
[Black "Raso, Gabriel"]
[Result "1-0"]
[WhiteElo "1784"]
[BlackElo "1435"]
[PlyCount "95"]
[EventDate "2017.10.27"]
[EventType "swiss"]
[EventRounds "5"]
[EventCountry "ITA"]
[SourceTitle "CBM 181 Extra"]
[Source "ChessBase"]
[SourceDate "2017.12.12"]
[SourceVersion "1"]
[SourceVersionDate "2017.12.12"]
[SourceQuality "1"]

1. d4 d6 2. c4 Nf6 3. Nc3 c6 4. Nf3 Nbd7 5. e3 Qb6 6. Na4 Qa5+ 7. Bd2 Qh5 8. Nc3 d5 9. cxd5 Nxd5 10. Ne4 f5 11. Ng3 Qf7 12. Be2 e6 13. a3 a5 14. h4 h6 15. Nh5 g6 16. Nf4 N5f6 17. Qb3 Nd5 18. Nd3 a4 19. Qc2 Bg7 20. Nfe5 Nxe5 21. Nxe5 Bxe5 22. dxe5 Qc7 23. e4 Ne7 24. Rc1 b6 25. Bb5 Bb7 26. Bxa4 0-0 27. Bb3 Qxe5 28. Bc3 Qxe4+ 29. Qxe4 fxe4 30. Bxe6+ Kh7 31. Rd1 Bc8 32. Bxc8 Raxc8 33. Rd7 Rfe8 34. Bf6 Rcd8 35. Rxe7+ Kg8 36. Rxe8+ Rxe8 37. Ke2 Kf7 38. Bd4 c5 39. Be3 h5 40. Rd1 Re6 41. Rd7+ Kf6 42. Bd2 Kf5 43. Rd5+ Re5 44. Rxe5+ Kxe5 45. Ke3 b5 46. Bc3+ Kd5 47. b3 c4 48. b4 1-0